<The> Climax of Capitalism <the> US Economy in the Twentieth Century

Gespeichert in:
Bibliographische Detailangaben
1. Verfasser: Kemp, Tom
Format: Buch
Sprache:Englisch
Veröffentlicht: London Longman 1991
Ausgabe:1. ed.
Schlagworte:
Tags: Tag hinzufügen
Keine Tags, Fügen Sie das erste Tag hinzu!

MARC

LEADER 00000nam a2200000 4500
001 c020179
005 20221206114452.3
020 |a 0-582-49423-0 
041 0 |a eng 
044 |a GB 
245 1 0 |a <The> Climax of Capitalism  |b <the> US Economy in the Twentieth Century  |c Tom Kemp 
250 |a 1. ed. 
264 1 |a London  |b Longman  |c 1991 
300 |a 251 s. 
610 2 0 |a kapitalizmus 
610 2 0 |a USA 
610 2 0 |a história 
610 2 0 |a vývoj hospodársky 
610 2 0 |a vojny 
610 2 0 |a ekonomika priestorová 
610 2 0 |a ekonomika vojnová 
610 2 0 |a zbrojenie 
610 2 0 |a priemysel zbrojársky 
610 2 0 |a obdobie prechodné 
610 2 0 |a politika 
610 2 0 |a prezidenti 
610 2 0 |a priemysel 
610 2 0 |a poľnohospodárstvo 
610 2 0 |a financovanie 
610 2 0 |a prosperita ekonomická 
610 2 0 |a údaje štatistické 
100 1 |a Kemp, Tom